000 00286nam a22001337a 4500
008 180608b xxu||||| |||| 00| 0 eng d
020 _a9789928406934
041 _aeng
080 _a070
100 _a40
101 _aMK
245 _aMediat & Shoqëritë
_cBalle,F
942 _2udc
_cBK
999 _c46615
_d46615